Modern China : (Record no. 7404)
[ view plain ]
| 000 -LEADER | |
|---|---|
| fixed length control field | 01261nam a2200325 a 4500 |
| 001 - CONTROL NUMBER | |
| control field | 7404 |
| 003 - CONTROL NUMBER IDENTIFIER | |
| rucl marc code | BD-RjUL |
| 005 - DATE AND TIME OF LATEST TRANSACTION | |
| control field | 20211208234417.0 |
| 008 - FIXED-LENGTH DATA ELEMENTS--GENERAL INFORMATION | |
| fixed length control field | 141120s2008 enka b 001 0 eng |
| 020 ## - INTERNATIONAL STANDARD BOOK NUMBER | |
| International Standard Book Number | 9780199228027 |
| International Standard Book Number | 0199228027 |
| 035 ## - SYSTEM CONTROL NUMBER | |
| System control number | (OCoLC)ocn181368899 |
| System control number | (OCoLC)181368899 |
| -- | (BD-RjUL)7447 |
| 040 ## - CATALOGING SOURCE | |
| Original cataloging agency | DLC |
| Transcribing agency | DLC |
| Modifying agency | YDXCP |
| -- | BAKER |
| -- | BWKUK |
| -- | DLC |
| -- | BD-RjUL |
| Language of cataloging | eng |
| 041 ## - LANGUAGE CODE | |
| Language code of text/sound track or separate title | eng |
| 082 00 - DEWEY DECIMAL CLASSIFICATION NUMBER | |
| Classification number | 951.05 |
| Edition number | 22 |
| Author mark and year | MIM 2008 |
| 100 1# - MAIN ENTRY--PERSONAL NAME | |
| Personal name | Mitter, Rana, |
| Dates associated with a name | 1969- |
| 9 (RLIN) | 114251 |
| 245 10 - TITLE STATEMENT | |
| Title | Modern China : |
| Remainder of title | a very short introduction / |
| Statement of responsibility, etc. | Rana Mitter. |
| 260 ## - PUBLICATION, DISTRIBUTION, ETC. (IMPRINT) | |
| Place of publication, distribution, etc. | Oxford ; |
| -- | New York : |
| Name of publisher, distributor, etc. | Oxford University Press, |
| Date of publication, distribution, etc. | 2008. |
| 300 ## - PHYSICAL DESCRIPTION | |
| Pagination | 153 p. : |
| Illustrations | ill. ; |
| Size | 18 cm. |
| 504 ## - BIBLIOGRAPHY, ETC. NOTE | |
| Bibliography, etc | Includes bibliographical references (p. 143-148) and index. |
| 505 0# - FORMATTED CONTENTS NOTE | |
| Formatted contents note | What is modern China? -- The old order and the new -- Making China modern -- Is Chinese society modern? -- Is China's economy modern? -- Is Chinese culture modern? -- Brave new China?. |
| 651 #0 - SUBJECT ADDED ENTRY--GEOGRAPHIC NAME | |
| Geographic name | China |
| General subdivision | Civilization |
| Chronological subdivision | 20th century. |
| 9 (RLIN) | 114252 |
| Geographic name | China |
| General subdivision | Civilization |
| Chronological subdivision | 21st century. |
| 9 (RLIN) | 114253 |
| Geographic name | China |
| General subdivision | Civilization |
| -- | Western influences. |
| 9 (RLIN) | 114254 |
| 942 ## - ADDED ENTRY ELEMENTS (KOHA) | |
| Source of classification or shelving scheme | Dewey Decimal Classification |
| Koha item type | Books |
| Lost status | Source of classification or shelving scheme | Damaged status | Not for loan | Collection code | Permanent Location | Current Location | Shelving location | Date acquired | Source of acquisition | Cost, normal purchase price | Total Checkouts | Full call number | Date last seen | Copy number | Koha item type |
|---|---|---|---|---|---|---|---|---|---|---|---|---|---|---|---|
| Dewey Decimal Classification | Not For Loan | Non-fiction | Central Library, University of Rajshahi | Central Library, University of Rajshahi | Reading Room | 23/07/2014 | Chittagong, Battighar | 370.50 | 951.05 MIM 2008 | 20/11/2014 | C-1 | Books |